Les équipes victimes de Didier Drogba - Statistiques

Statistiques générales
  • Ce quiz a été pris 37 fois
    35 depuis la dernière actualisation
  • Le résultat moyen est 40 sur 147
Statistiques - réponses
Goals Equipes % Correct
5 PSG
100%
4 Lyon
93%
5 Manchester City
93%
12 Arsenal
90%
3 Barcelone
90%
4 Manchester United
90%
2 Real Madrid
90%
2 DC United
87%
3 Bayern Munich
83%
1 Inter Milan
80%
6 Tottenham
80%
11 Liverpool
77%
3 Juventus
73%
1 OM
73%
1 Lille
70%
6 Aston Villa
67%
2 Strasbourg
67%
2 Atlético Madrid
63%
7 Newcastle
63%
2 Nice
63%
2 Saint-Etienne
63%
1 Toulouse
63%
4 Valence
63%
5 West Ham
60%
4 Lens
57%
2 Montpellier
57%
3 Nantes
57%
2 Rennes
57%
1 Crystal Palace
53%
8 Everton
53%
4 Fulham
53%
2 Metz
53%
1 Leicester
50%
1 Monaco
50%
1 Sunderland
50%
2 Besiktas
43%
1 Fenerbahce
43%
2 Porto
43%
5 AC Ajaccio
40%
3 Sochaux
40%
6 Bastia
37%
8 Bolton
37%
1 Caen
37%
1 Cardiff
37%
2 Norwich
37%
1 Spartak Moscou
37%
1 Birmingham
33%
6 Blackburn
33%
4 Hull City
33%
7 Portsmouth
33%
2 Wolves
33%
1 Bétis
30%
1 Le Mans
30%
5 Stoke City
30%
1 Swansea
30%
2 Troyes
30%
1 Ghana
27%
1 Leverkusen
27%
1 Mali
27%
2 Schalke
27%
8 WBA
27%
1 Algérie
23%
3 Burkina Faso
23%
2 Maroc
23%
1 New York RB
23%
1 Nottingam Forest
23%
3 Cameroun
20%
3 Egypte
20%
1 LA Galaxy
20%
3 LA Galaxy B
20%
6 Middlesbrough
20%
1 Napoli
20%
4 Toronto
20%
3 Watford
20%
5 Wigan
20%
1 Argentine
17%
7 Bénin
17%
1 Brésil
17%
1 Burnley
17%
1 Copenhague
17%
3 Tunisie
17%
1 Antalyaspor
13%
1 Belgique
13%
1 Bursaspor
13%
3 Guinée
13%
1 Italie
13%
1 Nigéria
13%
3 Reading
13%
4 Sénégal
13%
1 APOEL
10%
2 Cannes
10%
1 Charlton
10%
3 Chateauroux
10%
1 Coventry
10%
1 Genêts Anglet
10%
2 Libye
10%
1 Niort
10%
3 Partizan
10%
2 Soudan
10%
1 Suède
10%
3 Burundi
7%
5 Chicago Fire
7%
1 Gueugnon
7%
2 Guinée Equatoriale
7%
1 Madagascar
7%
1 Maribor
7%
2 New England
7%
2 Rosenborg
7%
2 Tanzanie
7%
4 Akhisar Belediye
3%
3 Autriche
3%
1 Bosnie-Herzégovine
3%
2 Colorado Rapids
3%
1 Honduras
3%
1 Israel
3%
1 Jordanie
3%
1 Kayserispor
3%
1 Koweit
3%
3 Levski Sofia
3%
3 Malawi
3%
1 Mexique
3%
1 Orlando City
3%
4 Philadelphie
3%
2 Portland B
3%
1 Shrewsbury
3%
1 Turquie
3%
1 Bayi Hengyuan
0%
1 Cluj
0%
1 Columbus Crews
0%
1 Dnipro
0%
3 Elazigspor
0%
1 Genclerbirligi
0%
2 Greentown
0%
1 Guizhou Renhe
0%
1 Konyaspor
0%
1 Liaoning
0%
1 Mersin
0%
2 Orange County
0%
1 Paraguay
0%
1 Qingdao Jonoon
0%
4 Roughnecks
0%
3 Seyssinet
0%
2 Shandong Taishan
0%
2 Slovénie
0%
4 Swope Park
0%
1 Wasquehal
0%
1 Whitecaps B
0%
Aucun quiz correspondant
Distribution des résultats
% des personnes avec chaque résultat
Percentile par nombre de réponses
Votre historique - résultats
Vous n’avez pas pris ce quiz depuis la dernière actualisation